01384nam a2200361 a 4500001001200000003000800012006001900020007001500039008004100054010001700095020003600112020003500148020001800183020001800201040002100219035002000240043001200260050002300272082001800295100002000313245006500333250001200398260005700410300003300467490004900500504006400549533015200613650003900765655002900804710001700833830004600850856012600896ebr10230056CaPaEBRm u cr cn|||||||||970106s1997 iluab sb 001 0 eng d z 97000449  z0226776573 (cloth : alk. paper) z0226776581 (pbk. : alk. paper) z9780226776576 z9780226776606 aCaPaEBRcCaPaEBR a(OCoLC)44959554 an-us---14aHE2751b.S7 1997eb04a385/.09732211 aStover, John F.10aAmerican railroadsh[electronic resource] /cJohn F. Stover. a2nd ed. aChicago, Ill. :bUniversity of Chicago Press,c1997. axviii, 306 p. :bill., maps.1 aThe Chicago history of American civilization aIncludes bibliographical references (p. 273-286) and index. aElectronic reproduction.bPalo Alto, Calif. :cebrary,d2013.nAvailable via World Wide Web.nAccess may be limited to ebrary affiliated libraries. 0aRailroadszUnited StatesxHistory. 7aElectronic books.2local2 aebrary, Inc. 0aChicago history of American civilization.40uhttp://site.ebrary.com/lib/rucke/Doc?id=10230056zAn electronic book accessible through the World Wide Web; click to view